Klasyfikacja złotych medali na letnich igrzyskach olimpijskich. - Statystyki

Ogólne statystyki
  • Ten quiz został rozwiązany 121 razy
  • Średni wynik to 16 z 20
Statystyki odpowiedzi
Wskazówka Odpowiedź % Poprawnych
1061 Stany Zjednoczone
98%
263 Chiny
97%
223 Francja
97%
543 Rosja / ZSRR
97%
438 Niemcy
95%
72 Polska
95%
169 Japonia
94%
284 Wielka Brytania
92%
71 Kanada
90%
217 Włochy
89%
164 Australia
88%
95 Holandia
82%
96 Korea Południowa
78%
147 Szwecja
78%
61 Norwegia
71%
181 Węgry
57%
101 Finlandia
55%
90 Rumunia
49%
54 Bułgaria
39%
84 Kuba
26%
Nie znaleziono quizów pasujących do podanych kryteriów
Rozkład punktacji
Procent ludzi z każdym wynikiem
Percentyl według liczby udzielonych odpowiedzi
Twoja historia wyników
Nie rozwiązałeś tego quizu